000 00998nam a2200241Ia 4500
999 _c39657
_d39657
001 6258
003 GE_BSU
005 20191104153009.0
008 181216s2012||||ge |||||||||||||| ||geo||
020 _a9789941179044
040 _cGE_BSU
041 _ageo
080 _a81'1(075.8) ჭ-97
100 _aჭყონია, ნ.
_95238
245 _aლექციები ენათმეცნიერებაში :
_bნაწ.2 /
_cნოდარ ჭყონია; რედ. მამია ფაღავა.
264 _aთბილისი :
_bუნივერსალი,
_c2012.
300 _a402 გვ. ;
_b21 სმ.
504 _aბიბლიოგრ.: გვ. 391-396.
653 _aენათმეცნიერება
700 _aფაღავა, მამია
_eრედაქტორი
_9142
710 _a ბათუმის შოთა რუსთაველის სახელმწ. უნ-ტი
_95239
942 _cBK
_2udc